[Event "Rottach Egern Seniors Cup 12th"]
[Site "Rottach Egern"]
[Date "2024.04.08"]
[Round "3"]
[White "Ryseck, Werner"]
[Black "Welsch, Roland"]
[Result "0-1"]
[WhiteElo "1799"]
[BlackElo "1906"]
[PlyCount "62"]
[EventDate "2024.04.06"]
[EventType "swiss"]
[EventRounds "9"]
[EventCountry "GER"]
[SourceTitle "CB16_2024"]
[SourceDate "2024.04.17"]
[SourceVersion "1"]
[SourceVersionDate "2024.04.17"]
[SourceQuality "1"]

1. d4 d5 2. e3 Nf6 3. Nf3 Bf5 4. c4 c6 5. Nc3 e6 6. cxd5 exd5 7. Be2 h6 8. a3 a5 9. 0-0 Bd6 10. b3 0-0 11. Bb2 Nbd7 12. Rc1 Re8 13. Bd3 Ne4 14. Re1 Qe7 15. Ne2 Bxa3 16. Bxa3 Qxa3 17. Bxe4 Bxe4 18. Nd2 Nf6 19. Ng3 Qd6 20. f3 Bg6 21. e4 dxe4 22. Ngxe4 Nxe4 23. Nxe4 Bxe4 24. Rxe4 Rxe4 25. fxe4 Rd8 26. d5 cxd5 27. exd5 Qxd5 28. Qxd5 Rxd5 29. Rc8+ Kh7 30. Rc7 Rb5 31. Rxf7 Rxb3 0-1

[Event "Rottach Egern Seniors Cup 12th"]
[Site "Rottach Egern"]
[Date "2024.04.07"]
[Round "2"]
[White "Welsch, Roland"]
[Black "Schattmann, Alfred"]
[Result "1/2-1/2"]
[WhiteElo "1906"]
[BlackElo "1813"]
[PlyCount "135"]
[EventDate "2024.04.06"]
[EventType "swiss"]
[EventRounds "9"]
[EventCountry "GER"]
[SourceTitle "CB16_2024"]
[SourceDate "2024.04.17"]
[SourceVersion "1"]
[SourceVersionDate "2024.04.17"]
[SourceQuality "1"]

1. d4 d5 2. Nf3 Nf6 3. c3 e6 4. Bf4 c5 5. e3 Nc6 6. Nbd2 cxd4 7. exd4 Be7 8. Bd3 a6 9. a4 Bd7 10. h3 h6 11. 0-0 0-0 12. Ne5 Nxe5 13. dxe5 Ne8 14. Nf3 Rc8 15. Qd2 g5 16. Be3 Ng7 17. g4 f5 18. exf6 Bxf6 19. Ne1 e5 20. Bc2 Be6 21. Qd3 e4 22. Qd2 Qc7 23. Bb3 Rfd8 24. Nc2 Bf7 25. a5 Rd6 26. Bb6 Qe7 27. Rad1 Ne6 28. Qe3 Nf4 29. Nd4 Bg6 30. Ne2 Nxe2+ 31. Qxe2 Bf7 32. Qe3 Qd7 33. Rd2 Kg7 34. Bc2 Qb5 35. Bb1 Qb3 36. Bd4 Re8 37. Qe2 Bxd4 38. Rxd4 Qb5 39. Qxb5 axb5 40. Rb4 b6 41. Rxb5 bxa5 42. Rxa5 Rb8 43. b4 Rc6 44. Ra3 Kf6 45. Ba2 Ke5 46. Kg2 Be6 47. Re1 Kf4 48. Rd1 Ke5 49. Kg3 Rb5 50. Rb1 Rb8 51. h4 Rbc8 52. hxg5 hxg5 53. Rc1 Rb6 54. Re1 Rf8 55. Re3 Rf4 56. f3 Bd7 57. Ra5 Rb5 58. Ra7 Be6 59. Rg7 Kf6 60. Rh7 Rb8 61. Bb1 Rxf3+ 62. Rxf3+ exf3 63. Rh6+ Ke7 64. Rh2 d4 65. cxd4 Rxb4 66. Rd2 f2 67. Bd3 Rxd4 68. Kxf2 1/2-1/2

[Event "Heusenstamm Sparkassen op-A 6th"]
[Site "Heusenstamm"]
[Date "2019.11.24"]
[Round "6"]
[White "Welsch, Roland"]
[Black "Weiss, Matthias"]
[Result "1/2-1/2"]
[WhiteElo "1802"]
[BlackElo "2036"]
[PlyCount "50"]
[EventDate "2019.11.21"]
[EventType "swiss"]
[EventRounds "7"]
[EventCountry "GER"]
[SourceTitle "CBM 194 Extra"]
[Source "ChessBase"]
[SourceDate "2020.03.31"]
[SourceVersion "1"]
[SourceVersionDate "2020.03.31"]
[SourceQuality "1"]

1. d4 Nf6 2. Nf3 g6 3. Nc3 d5 4. Bf4 Bg7 5. Qd2 c6 6. Bh6 0-0 7. Bxg7 Kxg7 8. e3 Nbd7 9. Be2 Re8 10. 0-0 e5 11. dxe5 Nxe5 12. Nxe5 Rxe5 13. Qd4 Qe7 14. Bf3 Bd7 15. Rad1 c5 16. Qd2 Bc6 17. Ne2 Re8 18. c3 Ne4 19. Bxe4 dxe4 20. c4 Qh4 21. Qc3 Qf6 22. Nf4 R5e7 23. Qxf6+ Kxf6 24. Nd5+ Bxd5 25. Rxd5 Rc7 1/2-1/2

[Event "RLP Seniors op 17th"]
[Site "Neustadt an der Weinstrasse"]
[Date "2019.07.22"]
[Round "3"]
[White "Welsch, Roland"]
[Black "Wick, Dieter"]
[Result "1-0"]
[WhiteElo "1811"]
[BlackElo "1544"]
[PlyCount "103"]
[EventDate "2019.07.20"]
[EventType "swiss"]
[EventRounds "9"]
[EventCountry "GER"]
[SourceTitle "CBM 192 Extra"]
[Source "Chessbase"]
[SourceDate "2019.11.06"]
[SourceVersion "1"]
[SourceVersionDate "2019.11.06"]
[SourceQuality "1"]

1. d4 g6 2. Nf3 Bg7 3. Nc3 c6 4. a4 Na6 5. e4 Nc7 6. Bf4 d6 7. Qd2 h6 8. Be2 Nf6 9. 0-0 Ne6 10. e5 Nh5 11. Be3 dxe5 12. dxe5 Qxd2 13. Bxd2 0-0 14. g3 Kh7 15. Be3 Nc7 16. Bc5 Re8 17. Bc4 e6 18. Ne4 f5 19. Nd6 Rg8 20. Rfe1 Nd5 21. Rad1 b6 22. Ba3 Bd7 23. Ba2 c5 24. a5 Bc6 25. Nd2 g5 26. Nb1 Bf8 27. b4 cxb4 28. Bxd5 Bxd5 29. Bxb4 bxa5 30. Bxa5 Ng7 31. c4 Bf3 32. Rd3 g4 33. Nd2 Bc6 34. Nb3 Be7 35. Nd4 Bd7 36. Rb3 Bxd6 37. exd6 Rge8 38. c5 e5 39. Nc2 Rac8 40. Rc3 h5 41. Nb4 e4 42. Nd5 Kg6 43. Ne7+ Rxe7 44. dxe7 Kf7 45. Rb1 Kxe7 46. Rb7 Rc6 47. Rxa7 Ke6 48. Rc1 Ne8 49. Rd1 Bc8 50. Bd8 Rxc5 51. Re7+ Kf6 52. Rc7+ 1-0

[Event "Hofheim Spring op-B 7th"]
[Site "Hofheim"]
[Date "2019.04.23"]
[Round "1"]
[White "Welsch, Roland"]
[Black "Eckert, Michael"]
[Result "1-0"]
[WhiteElo "1796"]
[BlackElo "1558"]
[PlyCount "99"]
[EventDate "2019.04.23"]
[EventType "swiss"]
[EventRounds "9"]
[EventCountry "GER"]
[SourceTitle "CBM 190 Extra"]
[Source "ChessBase"]
[SourceDate "2019.07.15"]
[SourceVersion "1"]
[SourceVersionDate "2019.07.15"]
[SourceQuality "1"]

1. d4 d5 2. Nf3 Nf6 3. e3 Bf5 4. c4 e6 5. Nc3 c5 6. Qb3 Qb6 7. Qxb6 axb6 8. Nh4 Bg6 9. Nxg6 hxg6 10. Nb5 Kd7 11. Be2 Nc6 12. 0-0 e5 13. cxd5 Nxd5 14. dxe5 Nxe5 15. Rd1 Ke6 16. f4 Nc6 17. Bg4+ f5 18. Bf3 Ncb4 19. e4 fxe4 20. Bxe4 Be7 21. Bxg6 Rxa2 22. Rxa2 Nxa2 23. Bd2 Nab4 24. Be4 Rd8 25. Bf3 Nd3 26. Bxd5+ Kxd5 27. Bc3 Kc6 28. Na7+ Kc7 29. Bxg7 Kb8 30. Nb5 Rg8 31. Rxd3 Rxg7 32. Rd7 c4 33. Nd6 Bf6 34. Rxg7 Bxg7 35. Nxc4 Bd4+ 36. Kf1 b5 37. Nd6 Bxb2 38. Nxb5 b6 39. Ke2 Kb7 40. Kd3 Kc6 41. Kc4 Bc1 42. f5 Bg5 43. Nd4+ Kd6 44. Nf3 Bf6 45. g4 Be7 46. h4 Bf6 47. g5 Bg7 48. h5 Ke7 49. Nd4 Kf7 50. Kd5 1-0

[Event "Oberursel Anderssen Memorial 1st"]
[Site "Oberursel"]
[Date "2018.09.05"]
[Round "5"]
[White "Dohmes, Swidbert"]
[Black "Welsch, Roland"]
[Result "1/2-1/2"]
[WhiteElo "1750"]
[BlackElo "1794"]
[PlyCount "38"]
[EventDate "2018.09.01"]
[EventType "swiss"]
[EventRounds "7"]
[EventCountry "GER"]
[SourceTitle "CBM 186 Extra"]
[Source "ChessBase"]
[SourceDate "2018.08.24"]
[SourceVersion "1"]
[SourceVersionDate "2018.08.24"]
[SourceQuality "1"]

1. e4 e6 2. d4 d5 3. exd5 exd5 4. Bd3 Nc6 5. Ne2 Bb4+ 6. Bd2 Bxd2+ 7. Qxd2 Nf6 8. Nbc3 0-0 9. 0-0 Nb4 10. Rfe1 Nxd3 11. Qxd3 Re8 12. Ng3 c6 13. Re2 Rxe2 14. Ncxe2 Qd6 15. a3 Bg4 16. f3 Bh5 17. Nxh5 Nxh5 18. Qd2 Re8 19. Re1 h6 1/2-1/2

[Event "Oberursel Anderssen Memorial 1st"]
[Site "Oberursel"]
[Date "2018.09.04"]
[Round "4"]
[White "Welsch, Roland"]
[Black "Christen, Pierre"]
[Result "1/2-1/2"]
[WhiteElo "1794"]
[BlackElo "1894"]
[PlyCount "58"]
[EventDate "2018.09.01"]
[EventType "swiss"]
[EventRounds "7"]
[EventCountry "GER"]
[SourceTitle "CBM 186 Extra"]
[Source "ChessBase"]
[SourceDate "2018.08.24"]
[SourceVersion "1"]
[SourceVersionDate "2018.08.24"]
[SourceQuality "1"]

1. d4 d5 2. Nf3 Nf6 3. e3 c6 4. Bd3 Bg4 5. Nbd2 Nbd7 6. c4 e6 7. Qb3 dxc4 8. Bxc4 b5 9. Bd3 a6 10. a4 Qa5 11. 0-0 c5 12. Qc2 c4 13. Be4 Rc8 14. Ne5 Nxe5 15. dxe5 Nd7 16. f3 Bh5 17. g4 Bg6 18. f4 Bxe4 19. Nxe4 Nc5 20. Bd2 Qb6 21. axb5 axb5 22. Rfd1 Nd3 23. b3 Qc6 24. Nf2 Nxf2 25. Kxf2 c3 26. Bxc3 Qxc3 27. Qxc3 Rxc3 28. Ra8+ Ke7 29. Ra7+ Ke8 1/2-1/2

[Event "Oberursel Anderssen Memorial 1st"]
[Site "Oberursel"]
[Date "2018.09.03"]
[Round "3"]
[White "Villing, Dieter"]
[Black "Welsch, Roland"]
[Result "1-0"]
[WhiteElo "2150"]
[BlackElo "1794"]
[PlyCount "103"]
[EventDate "2018.09.01"]
[EventType "swiss"]
[EventRounds "7"]
[EventCountry "GER"]
[SourceTitle "CBM 186 Extra"]
[Source "ChessBase"]
[SourceDate "2018.08.24"]
[SourceVersion "1"]
[SourceVersionDate "2018.08.24"]
[SourceQuality "1"]

1. e4 e6 2. d4 d5 3. Nc3 dxe4 4. Nxe4 Nd7 5. Nf3 Ngf6 6. Nxf6+ Nxf6 7. Ne5 c5 8. Bb5+ Bd7 9. Be2 cxd4 10. Qxd4 Qa5+ 11. Bd2 Qc5 12. Be3 Rc8 13. 0-0 Qxd4 14. Bxd4 Bc5 15. Rfd1 Bxd4 16. Rxd4 Rc5 17. Nxd7 Nxd7 18. Rad1 Nf8 19. Rd8+ Ke7 20. Rb8 Rc7 21. c3 Ng6 22. Rxh8 Nxh8 23. f4 Ng6 24. g3 e5 25. f5 Nf8 26. Rd5 f6 27. Bb5 Nd7 28. Bxd7 Rxd7 29. Rb5 Kd6 30. Rb4 g6 31. fxg6 hxg6 32. Kf2 Rh7 33. h4 f5 34. Kf3 a6 35. Rb6+ Kd5 36. Rxg6 f4 37. Rg5 fxg3 38. Kxg3 Ke4 39. h5 Rf7 40. h6 Rh7 41. Rh5 Kd3 42. Rh3 Ke2 43. Kg4 Kd2 44. Kf5 b5 45. Kxe5 Kc2 46. Rh2+ Kb1 47. b3 a5 48. c4 bxc4 49. bxc4 a4 50. c5 a3 51. c6 Ka1 52. Kd6 1-0

[Event "Oberursel Anderssen Memorial 1st"]
[Site "Oberursel"]
[Date "2018.09.02"]
[Round "2"]
[White "Welsch, Roland"]
[Black "Kotitschke, Karlheinz"]
[Result "0-1"]
[WhiteElo "1794"]
[BlackElo "1975"]
[PlyCount "124"]
[EventDate "2018.09.01"]
[EventType "swiss"]
[EventRounds "7"]
[EventCountry "GER"]
[SourceTitle "CBM 186 Extra"]
[Source "ChessBase"]
[SourceDate "2018.08.24"]
[SourceVersion "1"]
[SourceVersionDate "2018.08.24"]
[SourceQuality "1"]

1. d4 g6 2. Nf3 Bg7 3. Nc3 d6 4. h3 Nf6 5. e4 0-0 6. Bc4 Nc6 7. 0-0 Nxe4 8. Bxf7+ Rxf7 9. Nxe4 h6 10. d5 Nb4 11. Ng3 e5 12. dxe6 Rf6 13. Nd4 Nc6 14. Nxc6 bxc6 15. Re1 Rxe6 16. Rxe6 Bxe6 17. Qf3 Qd7 18. c3 Rb8 19. Ne4 Rf8 20. Qe2 Bf5 21. Ng3 Re8 22. Be3 Be6 23. Qd2 Kh7 24. Bxa7 c5 25. Ne4 Bf5 26. Nxc5 dxc5 27. Qxd7 Bxd7 28. Rd1 Bc6 29. Bxc5 Re2 30. Bd4 Rxb2 31. Bxg7 Kxg7 32. Rd4 Rxa2 33. Rc4 Ra1+ 34. Kh2 Ra6 35. h4 Kf7 36. g4 Ke6 37. h5 gxh5 38. gxh5 Kd7 39. Rd4+ Kc8 40. Rf4 Ra5 41. Rh4 Be8 42. Kg3 Rxh5 43. Re4 Kd7 44. f4 Rc5 45. Re3 Bg6 46. Kh4 c6 47. Kg3 Rd5 48. Kh4 c5 49. Rg3 Bf7 50. Rg1 Rd3 51. Rc1 Kc6 52. Kg4 Re3 53. Kf5 h5 54. Kf6 Be8 55. f5 h4 56. Kg7 h3 57. f6 Rf3 58. c4 h2 59. Rh1 Rf2 60. Kf8 Bh5 61. Ke7 Re2+ 62. Kd8 Bf7 0-1

[Event "Rheinland Pfalz op Seniors 16th"]
[Site "Neustadt an der Weinstrasse"]
[Date "2018.07.11"]
[Round "5"]
[White "Welsch, Roland"]
[Black "Niebling, Ferdinand"]
[Result "1/2-1/2"]
[WhiteElo "1783"]
[BlackElo "2065"]
[PlyCount "54"]
[EventDate "2018.07.07"]
[EventType "swiss"]
[EventRounds "9"]
[EventCountry "GER"]
[SourceTitle "EXT 2019"]
[Source "ChessBase"]
[SourceDate "2018.10.10"]
[SourceVersion "1"]
[SourceVersionDate "2018.10.10"]
[SourceQuality "1"]

1. d4 f5 2. Bg5 Nf6 3. Bxf6 exf6 4. e3 d5 5. Bd3 Be6 6. Qf3 g6 7. Ne2 c6 8. Nd2 Bd6 9. a3 Nd7 10. Nf4 Bf7 11. h3 h5 12. g3 Nb6 13. Qe2 Qe7 14. 0-0 0-0-0 15. c4 dxc4 16. Nxc4 Nxc4 17. Bxc4 h4 18. Bxf7 Qxf7 19. Kg2 hxg3 20. fxg3 g5 21. Nd3 Qh7 22. Rh1 Bxg3 23. Kxg3 Qh4+ 24. Kg2 Qe4+ 25. Kf2 Qh4+ 26. Kg2 Qe4+ 27. Kf2 Qh4+ 1/2-1/2

[Event "Rheinland Pfalz op Seniors 16th"]
[Site "Neustadt an der Weinstrasse"]
[Date "2018.07.09"]
[Round "3"]
[White "Buerkelbach, Josef"]
[Black "Welsch, Roland"]
[Result "1/2-1/2"]
[WhiteElo "1554"]
[BlackElo "1783"]
[PlyCount "49"]
[EventDate "2018.07.07"]
[EventType "swiss"]
[EventRounds "9"]
[EventCountry "GER"]
[SourceTitle "EXT 2019"]
[Source "ChessBase"]
[SourceDate "2018.10.10"]
[SourceVersion "1"]
[SourceVersionDate "2018.10.10"]
[SourceQuality "1"]

1. d4 c5 2. d5 d6 3. Nc3 e5 4. e4 Be7 5. Nf3 a6 6. a4 Bg4 7. Be2 Bxf3 8. Bxf3 Bg5 9. Ne2 Bxc1 10. Rxc1 Nh6 11. Ng3 0-0 12. 0-0 f5 13. exf5 Nxf5 14. Nxf5 Rxf5 15. Be4 Rf4 16. Qd3 Rh4 17. g3 Rh6 18. f4 Nd7 19. Rcd1 exf4 20. Rxf4 Ne5 21. Qe2 Qb6 22. c4 Re8 23. Rdf1 Qd8 24. b3 Qe7 25. Bf5 1/2-1/2

[Event "Arber op Seniors 4th"]
[Site "Bodenmais"]
[Date "2016.08.04"]
[Round "6"]
[White "Welsch, Roland"]
[Black "Drews, Ruediger"]
[Result "0-1"]
[WhiteElo "1804"]
[BlackElo "1915"]
[PlyCount "140"]
[EventDate "2016.07.30"]
[EventType "swiss"]
[EventRounds "9"]
[EventCountry "GER"]
[SourceTitle "EXT 2017"]
[Source "ChessBase"]
[SourceDate "2016.10.25"]
[SourceVersion "1"]
[SourceVersionDate "2016.10.25"]
[SourceQuality "1"]

1. d4 Nf6 2. Nf3 g6 3. g3 Bg7 4. Bg2 0-0 5. 0-0 d6 6. c4 Nc6 7. Nc3 a6 8. e4 Rb8 9. Qe2 Bg4 10. Rd1 Nd7 11. Be3 e5 12. d5 Nd4 13. Bxd4 exd4 14. Nb1 Ne5 15. Nbd2 Qd7 16. Rac1 c5 17. h3 Bxh3 18. Nxe5 Bxe5 19. f4 Bg7 20. Bf3 Rfe8 21. Kf2 d3 22. Qxd3 Bxb2 23. Rb1 Bd4+ 24. Ke2 f5 25. Rh1 fxe4 26. Nxe4 Bf5 27. Kd2 Re7 28. g4 Bxg4 29. Qxd4 cxd4 30. Nf6+ Kg7 31. Nxd7 Bxd7 32. Rb6 Bf5 33. Rxd6 Re3 34. Bd1 Rbe8 35. Bb3 Rd3+ 36. Kc1 Rc3+ 37. Kb2 Re2+ 38. Ka3 d3 39. Kb4 Rxb3+ 40. axb3 d2 41. Rd1 Bc2 42. Rxd2 Rxd2 43. Rd7+ Kh6 44. Rxb7 Rd3 45. Ka3 Rf3 46. d6 Bf5 47. c5 Rd3 48. Kb4 g5 49. fxg5+ Kxg5 50. Ka5 h5 51. b4 h4 52. Re7 h3 53. Kb6 h2 54. Re1 Rh3 55. c6 h1Q 56. Rxh1 Rxh1 57. d7 Rd1 58. Kc7 Be4 59. Kb6 Bxc6 60. Kxc6 Kf6 61. Kb6 Ke7 62. Kxa6 Kxd7 63. b5 Kc8 64. Ka7 Ra1+ 65. Kb6 Kb8 66. Kc6 Rb1 67. Kb6 Rb2 68. Kc6 Ka7 69. Kc5 Kb7 70. Kc4 Kb6 0-1

[Event "Arber op Seniors 4th"]
[Site "Bodenmais"]
[Date "2016.07.31"]
[Round "2"]
[White "Welsch, Roland"]
[Black "Laber, Dietrich"]
[Result "0-1"]
[WhiteElo "1804"]
[BlackElo "1812"]
[PlyCount "118"]
[EventDate "2016.07.30"]
[EventType "swiss"]
[EventRounds "9"]
[EventCountry "GER"]
[SourceTitle "EXT 2017"]
[Source "ChessBase"]
[SourceDate "2016.10.25"]
[SourceVersion "1"]
[SourceVersionDate "2016.10.25"]
[SourceQuality "1"]

1. d4 Nf6 2. Nf3 e6 3. e3 b6 4. Bd3 Bb7 5. Nbd2 d5 6. b3 Nbd7 7. Bb2 Be7 8. 0-0 0-0 9. c3 c5 10. Ne5 cxd4 11. exd4 Rc8 12. f4 Ne4 13. Rc1 f5 14. Nxd7 Qxd7 15. Nf3 Bd6 16. Ne5 Qe7 17. Qe2 Qh4 18. Qe1 Qxe1 19. Rfxe1 Rc7 20. Re2 Rfc8 21. Rec2 a6 22. c4 Bb4 23. cxd5 Rxc2 24. Rxc2 Rxc2 25. Bxc2 Bxd5 26. Nd7 b5 27. a3 Bd6 28. b4 Bxf4 29. Nc5 Be3+ 30. Kf1 Bc4+ 31. Ke1 Nxc5 32. dxc5 Bd5 33. g3 g5 34. a4 g4 35. axb5 axb5 36. Bd3 Bc6 37. Bf1 h5 38. Be5 Kf7 39. Ke2 Bg5 40. Kf2 Bd2 41. Bg2 Bxg2 42. Kxg2 Ke7 43. Bd6+ Kd7 44. Kf2 Bxb4 45. Ke3 Ba5 46. Be5 Kc6 47. Kd4 Bc7 48. Bf6 e5+ 49. Bxe5 Bxe5+ 50. Kxe5 Kxc5 51. Kxf5 b4 52. Kg5 b3 53. Kxh5 b2 54. Kxg4 b1Q 55. h4 Qg6+ 56. Kf4 Qh5 57. g4 Qxh4 58. Kf5 Qh8 59. g5 Qg8 0-1

[Event "Rheinland Pfalz op 6th"]
[Site "Gau Algesheim"]
[Date "2014.06.22"]
[Round "7"]
[White "Welsch, Roland"]
[Black "Wachtel, Anton"]
[Result "1-0"]
[WhiteElo "1834"]
[BlackElo "1188"]
[PlyCount "41"]
[EventDate "2014.06.19"]
[EventType "swiss"]
[EventRounds "7"]
[EventCountry "GER"]
[SourceTitle "CBM 161 Extra"]
[Source "ChessBase"]
[SourceDate "2014.08.29"]
[SourceVersion "1"]
[SourceVersionDate "2014.08.29"]
[SourceQuality "1"]

1. d4 d5 2. Nf3 e6 3. e3 c5 4. c3 a6 5. Bd3 Nc6 6. Nbd2 Nf6 7. 0-0 Bd6 8. Qe2 Qb6 9. dxc5 Bxc5 10. e4 0-0 11. e5 Nh5 12. Bxh7+ Kh8 13. Ng5 Nf4 14. Qf3 f6 15. exf6 gxf6 16. Nh3 Nxh3+ 17. Qxh3 Kg7 18. Nb3 Kf7 19. Qh6 Ke7 20. Bg6 Kd8 21. Be3 1-0

[Event "Rheinland Pfalz op 6th"]
[Site "Gau Algesheim"]
[Date "2014.06.21"]
[Round "4"]
[White "Muckle, Julius"]
[Black "Welsch, Roland"]
[Result "1-0"]
[WhiteElo "1938"]
[BlackElo "1834"]
[PlyCount "57"]
[EventDate "2014.06.19"]
[EventType "swiss"]
[EventRounds "7"]
[EventCountry "GER"]
[SourceTitle "CBM 161 Extra"]
[Source "ChessBase"]
[SourceDate "2014.08.29"]
[SourceVersion "1"]
[SourceVersionDate "2014.08.29"]
[SourceQuality "1"]

1. d4 c5 2. d5 d6 3. e4 g6 4. c3 Bg7 5. Bd3 Nf6 6. h3 a6 7. a4 b6 8. Ne2 e6 9. 0-0 exd5 10. exd5 0-0 11. Bg5 Nbd7 12. f4 c4 13. Bxc4 Qc7 14. Bb3 Nc5 15. Bc2 Nfe4 16. Nd2 Nxg5 17. fxg5 Bd7 18. Ng3 b5 19. Nde4 bxa4 20. Nf6+ Bxf6 21. gxf6 Qb6 22. Kh1 Qxb2 23. Qd2 Kh8 24. Rfb1 Nb3 25. Qh6 Rg8 26. Rxb2 Nxa1 27. Ne4 a3 28. Ng5 axb2 29. Qxh7# 1-0

[Event "Rheinland Pfalz op 6th"]
[Site "Gau Algesheim"]
[Date "2014.06.21"]
[Round "6"]
[White "Reitz, Philipp"]
[Black "Welsch, Roland"]
[Result "1-0"]
[WhiteElo "1523"]
[BlackElo "1834"]
[PlyCount "63"]
[EventDate "2014.06.19"]
[EventType "swiss"]
[EventRounds "7"]
[EventCountry "GER"]
[SourceTitle "CBM 161 Extra"]
[Source "ChessBase"]
[SourceDate "2014.08.29"]
[SourceVersion "1"]
[SourceVersionDate "2014.08.29"]
[SourceQuality "1"]

1. d4 c5 2. dxc5 e6 3. e4 Bxc5 4. Nc3 Nc6 5. Be2 Nf6 6. Nf3 h6 7. 0-0 a6 8. Na4 Ba7 9. e5 Ng4 10. Bf4 Qa5 11. Nc3 0-0 12. Qe1 Bb8 13. a3 Ngxe5 14. Nxe5 Bxe5 15. b4 Bxc3 16. Qxc3 Qf5 17. Qg3 Qf6 18. Bd6 Re8 19. Rad1 Nd4 20. Rxd4 e5 21. Rd2 b6 22. Bf3 e4 23. Bg4 a5 24. Bc7 axb4 25. axb4 Ra1 26. Rxa1 Qxa1+ 27. Rd1 Qb2 28. Qb3 Qf6 29. h3 Qc6 30. Bg3 g6 31. Rd6 Qb7 32. Rxg6+ 1-0

[Event "Rheinland Pfalz op 6th"]
[Site "Gau Algesheim"]
[Date "2014.06.20"]
[Round "3"]
[White "Welsch, Roland"]
[Black "Boerkey, Joel"]
[Result "1-0"]
[WhiteElo "1834"]
[BlackElo "975"]
[PlyCount "59"]
[EventDate "2014.06.19"]
[EventType "swiss"]
[EventRounds "7"]
[EventCountry "GER"]
[SourceTitle "CBM 161 Extra"]
[Source "ChessBase"]
[SourceDate "2014.08.29"]
[SourceVersion "1"]
[SourceVersionDate "2014.08.29"]
[SourceQuality "1"]

1. d4 d5 2. Nf3 Nc6 3. e3 a6 4. c3 Nf6 5. Bd3 Bg4 6. Nbd2 e6 7. Qc2 Bd6 8. 0-0 g6 9. h3 Bf5 10. e4 dxe4 11. Nxe4 Bxe4 12. Bxe4 Nxe4 13. Qxe4 0-0 14. Re1 Re8 15. Bg5 Qd7 16. Re2 Be7 17. Qh4 Rad8 18. Rae1 b5 19. Bxe7 Rxe7 20. Ng5 h5 21. Ne4 a5 22. Nf6+ Kg7 23. Nxd7 Rdxd7 24. Re3 Kh6 25. g4 f5 26. gxf5 gxf5 27. Rxe6+ Rxe6 28. Rxe6+ Kh7 29. Qxh5+ Kg8 30. Qe8+ 1-0

[Event "Rheinland Pfalz op 6th"]
[Site "Gau Algesheim"]
[Date "2014.06.19"]
[Round "1"]
[White "Welsch, Roland"]
[Black "Poetsch, Hagen"]
[Result "0-1"]
[WhiteElo "1834"]
[BlackElo "2489"]
[PlyCount "44"]
[EventDate "2014.06.19"]
[EventType "swiss"]
[EventRounds "7"]
[EventCountry "GER"]
[SourceTitle "CBM 161 Extra"]
[Source "ChessBase"]
[SourceDate "2014.08.29"]
[SourceVersion "1"]
[SourceVersionDate "2014.08.29"]
[SourceQuality "1"]

1. d4 Nf6 2. Bg5 e6 3. c3 h6 4. Bh4 b6 5. Nf3 Bb7 6. e3 c5 7. Bd3 d6 8. Qe2 Nbd7 9. Nbd2 Be7 10. 0-0 0-0 11. e4 Nh5 12. Bg3 Re8 13. e5 Nxg3 14. fxg3 cxd4 15. cxd4 dxe5 16. Nxe5 Nxe5 17. dxe5 Qd4+ 18. Kh1 Rad8 19. Bb5 Qxd2 20. Qxd2 Rxd2 21. Bxe8 Bxg2+ 22. Kg1 Bc5+ 0-1

[Event "Rheinland Pfalz op 5th"]
[Site "Worms"]
[Date "2013.05.30"]
[Round "2"]
[White "Esterluss, Johannes"]
[Black "Welsch, Roland"]
[Result "1-0"]
[WhiteElo "2052"]
[BlackElo "1836"]
[PlyCount "87"]
[EventDate "2013.05.30"]
[EventType "swiss"]
[EventRounds "7"]
[EventCountry "GER"]
[SourceTitle "EXT 2014"]
[Source "ChessBase"]
[SourceDate "2013.11.20"]
[SourceVersion "1"]
[SourceVersionDate "2013.11.20"]
[SourceQuality "1"]

1. d4 Nf6 2. Nf3 d5 3. Bf4 e6 4. c3 c5 5. e3 a6 6. Bd3 Nc6 7. Nbd2 Bd6 8. Bg3 cxd4 9. exd4 b5 10. a3 Bb7 11. Qe2 Qc7 12. 0-0 0-0 13. Rfe1 Bxg3 14. hxg3 Qb6 15. Ne5 Na7 16. g4 Rfd8 17. g5 Ne8 18. Qh5 g6 19. Qh4 Qd6 20. Re3 Qf8 21. Rf3 Nd6 22. Rh3 Qg7 23. Ng4 Ne8 24. Nf3 Nc8 25. Nfe5 Ncd6 26. f4 Nf5 27. Bxf5 exf5 28. Nh6+ Kf8 29. Nhxf7 Rdc8 30. Qh6 Rc7 31. Qxg7+ Kxg7 32. Nh6 Nd6 33. Re1 Ne4 34. g4 Bc8 35. gxf5 gxf5 36. Re2 Raa7 37. Rg2 Kf8 38. g6 Rg7 39. Rh5 Nf6 40. Rhg5 Ne4 41. gxh7 Rxh7 42. Rg8+ Ke7 43. R2g7+ Kf6 44. Rg6+ 1-0

[Event "Rheinland Pfalz op 3rd"]
[Site "Gau Algesheim"]
[Date "2011.08.01"]
[Round "5"]
[White "Welsch, Roland"]
[Black "Werner, Dimo"]
[Result "1/2-1/2"]
[WhiteElo "1846"]
[BlackElo "2237"]
[PlyCount "45"]
[EventDate "2011.07.28"]
[EventType "swiss"]
[EventRounds "7"]
[EventCountry "GER"]
[SourceTitle "EXT 2013"]
[Source "ChessBase"]
[SourceDate "2012.11.22"]
[SourceVersion "1"]
[SourceVersionDate "2012.11.22"]
[SourceQuality "1"]

1. d4 Nf6 2. Nf3 e6 3. e3 c5 4. c3 Nc6 5. Bd3 d5 6. Nbd2 Bd6 7. 0-0 0-0 8. dxc5 Bxc5 9. e4 h6 10. exd5 exd5 11. Nb3 Bb6 12. Qc2 Bg4 13. h3 Bxf3 14. gxf3 Qd6 15. Kg2 Bc7 16. Rh1 Kh8 17. Be3 Nh5 18. Bc5 Nf4+ 19. Kf1 Qf6 20. Bxf8 Rxf8 21. Bb5 Bb6 22. Rd1 g6 23. Bxc6 1/2-1/2

[Event "Rheinland Pfalz op 3rd"]
[Site "Gau Algesheim"]
[Date "2011.07.29"]
[Round "2"]
[White "Welsch, Roland"]
[Black "Stahnecker, Thomas"]
[Result "1-0"]
[WhiteElo "1846"]
[BlackElo "1560"]
[PlyCount "69"]
[EventDate "2011.07.28"]
[EventType "swiss"]
[EventRounds "7"]
[EventCountry "GER"]
[SourceTitle "EXT 2013"]
[Source "ChessBase"]
[SourceDate "2012.11.22"]
[SourceVersion "1"]
[SourceVersionDate "2012.11.22"]
[SourceQuality "1"]

1. d4 Nf6 2. Nf3 e6 3. e3 b6 4. Bd3 Bb7 5. Nbd2 Be7 6. 0-0 0-0 7. Re1 d6 8. e4 c5 9. e5 dxe5 10. dxe5 Nfd7 11. Ne4 Nc6 12. Nd6 Bxd6 13. exd6 h6 14. c3 Nf6 15. Bc2 Qd7 16. Qd3 Rad8 17. Bf4 Qc8 18. Rad1 Ba6 19. Qe3 Rfe8 20. Bxh6 Ng4 21. Qg5 Nxh6 22. Re4 Qb8 23. Rh4 Rxd6 24. Rxd6 Qxd6 25. Rxh6 Bd3 26. Bb3 c4 27. Ba4 Rb8 28. Bxc6 Qxc6 29. Rh4 Qc5 30. Qg3 Rd8 31. Nd4 a6 32. Qh3 Kf8 33. Rf4 Qg5 34. Nxe6+ Ke8 35. Nxg5 1-0